000 00865cam a2200301 a 4500
001 16993417
003 OSt
005 20150408114132.0
008 111007s2012 mau 001 0 eng
010 _a 2011940743
020 _a9781435461062 (pbk. : alk. paper)
040 _aMa_ua
_cDLC
_dDLC
042 _apcc
050 0 0 _aLB1050
_b.F797 2012
082 0 0 _a372.47 FRI
_223
100 1 _aFry, Ronald W.
_935610
245 1 0 _aImprove your reading /
_cRon Fry.
250 _a6th ed.
260 _aBoston, MA :
_bCengage Learning,
_c2012.
300 _av, 125 p. ;
_c22 cm.
490 0 _aRon Fry's How to study program
500 _aIncludes index.
650 0 _aReading.
650 0 _aReading comprehension.
_935611
906 _a7
_bcbc
_corignew
_d2
_eepcn
_f20
_gy-gencatlg
942 _2ddc
_cBOOK
999 _c29854
_d264354